000
00273nam a22001097a 4500
008
230908b |||||||| |||| 00| 0 eng d
100
_a
Bhagat Singh
_9
4540
245
_a
Rastraveer Guru Govind Singh
260
_b
Lahena Books
_c
1964
_a
Ludhiana
300
_a
356p
942
_c
BK
999
_c
39585
_d
39585